000 00467nam a2200145Ia 4500
008 090124s9999 xx 000 0 und d
082 _b133800
_a103013
245 _a" अपंग नव्हे, अभंग मी !"
250 _a1
260 _bचिटणीस शुभा
_c2006
300 _a132
630 _a" अपंग नव्हे, अभंग मी !"
730 _a" अपंग नव्हे, अभंग मी !"
942 _cBOOK
999 _c180111
_d180111